Score 0/20 Timer 04:00
0 Plays Today
Video game 'J' Word % Correct
Indiana ___ and the Last CrusadeJones
99.6%
NBA ___Jam
97.1%
___ Bond 007: NightfireJames
95.7%
G.I. ___: The Rise of CobraJoe
93.7%
Star Wars ___ Knight: Dark Forces IIJedi
87.6%
___ Cause 2Just
82.5%
___ Madden Football '93John
80.1%
___ Park: The GameJurassic
78%
Earthworm ___Jim
73.3%
___ Set RadioJet
64%
Video game 'J' Word % Correct
Jill of the ___Jungle
63.9%
___ and Daxter: The Precursor LegacyJak
55.7%
Adventure Time: Finn & ___ InvestigationsJake
40.7%
Call of ___Juarez
19.7%
___ JackrabbitJazz
17.8%
Gears of War: ___Judgment
11.7%
Buzz! ___: Jungle PartyJunior
11.1%
Clive Barker's ___Jericho
10.9%
___ AllianceJagged
8.9%
The ___ ProjectJourneyman
3.3%

Today's Daily Dose

Word Ladder
Folklore Song

Get the Picture
'B' Sanders

Remove Ads.
Support Sporcle.
Get the best of Sporcle when you Go Orange. This ad-free experience offers more features, more stats, and more fun while also helping to support Sporcle. Thank you for becoming a member.

You're not logged in!

Compare scores with friends on all Sporcle quizzes.
OR
Log In

Show Comments

Extras

Top Quizzes Today


Score Distribution

Your Account Isn't Verified!

In order to create a playlist on Sporcle, you need to verify the email address you used during registration. Go to your Sporcle Settings to finish the process.

Report this User

Report this user for behavior that violates our Community Guidelines.

Details: